| 000 | 00667nam a2200241 a 4500 | ||
|---|---|---|---|
| 001 | BRCA_5396 | ||
| 005 | 20190320205047.0 | ||
| 008 | 091210s1898----gw-a######---#000-0#ger-# | ||
| 041 | _ager | ||
| 044 | _agw | ||
| 050 | 4 |
_aND623 _b.T46 1898 |
|
| 100 | 1 |
_aThode, Henry _913797 |
|
| 245 | 1 | 0 |
_aCorreggio _cvon Henry Thode. |
| 260 |
_aBielefeld, Alemania _bVelhagen & Klasing _c1898 |
||
| 300 |
_a112 p. _bil. _c26 cm. |
||
| 440 | 0 |
_aKünstler-Monographien _v30 _913466 |
|
| 500 | _aEdición con cantos dorados | ||
| 500 | _aE123 | ||
| 600 | 1 | 4 |
_aCorreggio, Antonio Allegri _d1489-1534 _913798 |
| 650 | 1 | 4 |
_aPintores italianos _97654 |
| 902 | _aGFM | ||
| 942 |
_2lcc _cB |
||
| 999 |
_c5090 _d5090 |
||